| 000 | 00945nam a2200205Ia 4500 | ||
|---|---|---|---|
| 999 |
_c39684 _d39684 |
||
| 001 | 6287 | ||
| 003 | GE_BSU | ||
| 005 | 20191022153354.0 | ||
| 008 | 181216s1940||||ge |||||||||||||| ||geo|| | ||
| 040 |
_cGE_BSU _dgeo |
||
| 080 | _a821.353.1-1 ბ-25 | ||
| 100 |
_aბარათაშვილი, ნიკოლოზ _94936 |
||
| 245 |
_aბიოგრაფიული ნარკვევი / _cნიკოლოზ ბარათაშვილი ; რედ. ილია თავაძე ; აკაკი გაწერელია. |
||
| 264 |
_aთბილისი : _bფედერაცია ; _c1940. |
||
| 300 |
_a176 გვ. ; _c24 სმ. |
||
| 653 | _aბიოგრაფიული ნარკვევი | ||
| 700 |
_aთავაძე, ილია _eრედაქტორი _94938 |
||
| 700 |
_aგაწერელია, აკაკი _eრედაქტორი _94939 |
||
| 942 |
_cBK _2udc |
||